000 00822nam a2200229 i 4500
001 47671
003 ES-MaACL
005 20230906161616.0
007 t|
008 030514s1852 sp ||||1| spa d
080 _a821.133.1-31"18"
100 1 _aMole Gentilhomme, Paul.
_9130017
245 1 0 _aJuana de Nápoles o los crímenes de una reina /
_cnovela escrita en francés por Mole Gentilhomme ; y traducida por José Manuel Carvallo.
260 _a[Madrid :
_bEdiciones Populares.,
_c1852] (
_fImp. del Seminario Pintoresco)
300 _a44 p. :
_bil. ;
_c30 cm.
490 1 _aBiblioteca universal
500 _aTexto a dos columnas.
700 1 _aCarvallo, José Manuel.
_935971
830 0 _aBiblioteca universal
_9188102
852 _aES-MaACL
_jFol-Laf-11
_z.- Legado M. de la Fuente
999 _c47671
_d47671